Barbar Conan : původní komiksová řada nakladatelství Marvel : archivní kolekce. Kniha 4, Královna Černého pobřeží /

Archivní kolekce komiksů o barbarovi Conanovi ze 70. let 20. století.

Hlavní autor: Thomas, Roy, 1940-
Další autoři: Blosser, Fred, 1940-, Buscema, John, 1927-2002, Ploog, Michael, 1940-, Conrad, Tim, 1951-, Niklíčková, Alexandra, 1978-
Jazyk: Čeština
Vydáno: Praha : Comics Centrum, [2024]
Vydání: První české vydání
Témata:
Fyzický popis: 347 stran, 20 nečíslovaných stran : ilustrace (převážně barevné) ; 24 cm
Knihy
Uloženo v:
LEADER 02938nam a2200589 i 4500
001 nkc20243662852
003 CZ PrNK
005 20250902133432.0
007 ta
008 241218t20242024xr a e 6 000 1 cze
015 |a cnb003662852 
020 |a 978-80-7652-166-7  |q (vázáno) 
035 |a (OCoLC)1498299815 
040 |a ABG001  |b cze  |d ABA001  |e rda 
041 1 |a cze  |h eng 
072 7 |a 741.52  |x Komiksy. Komiksové adaptace  |2 Konspekt  |9 21 
080 |a 741.52(0:82-322.9)  |2 MRF 
080 |a 741.52(0:82-321.3)  |2 MRF 
100 1 |a Thomas, Roy,  |d 1940-  |7 xx0035680  |4 aut 
240 1 0 |a Queen of the Black Coast.  |l Česky 
245 1 0 |a Barbar Conan :  |b původní komiksová řada nakladatelství Marvel : archivní kolekce.  |n Kniha 4,  |p Královna Černého pobřeží /  |c scénář: Roy Thomas a Fred Blosser ; kresba tužkou: John Buscema, Mike Ploog a Tim Conrad ; překlad Alexandra Niklíčková 
246 3 0 |a Královna Černého pobřeží 
250 |a První české vydání 
264 1 |a Praha :  |b Comics Centrum,  |c [2024] 
264 4 |c ©2024 
300 |a 347 stran, 20 nečíslovaných stran :  |b ilustrace (převážně barevné) ;  |c 24 cm 
336 |a text  |b txt  |2 rdacontent 
336 |a statický obraz  |b sti  |2 rdacontent 
337 |a bez média  |b n  |2 rdamedia 
338 |a svazek  |b nc  |2 rdacarrier 
500 |a Přeloženo z angličtiny 
505 0 |a Sešity Barbar Conan 43-59 z let 1974-1976 -- Příběhy psané mečem 1 : povídka ze série Conan 
520 2 |a Archivní kolekce komiksů o barbarovi Conanovi ze 70. let 20. století.  |b Přichází jeden z nejpodmanivějších párů komiksové historie: Conan a Královna Černého pobřeží! Nejprve se však Cimeřan spolčí s Rudou Sonjou ... Poté si Conan během putování Západem poslechne "Laza-Lantiho osudovou píseň", střetne se s děsivým mnohokamenným mužem a též zavzpomíná na mládí v Cimerii ... Nakladatelská anotace. Kráceno. 
521 8 |a Věkové doporučení 14+ (tato kniha obsahuje vyobrazení násilných a hororových scén) 
655 7 |a fantasy komiksy  |7 fd1057473  |2 czenas 
655 7 |a akční a dobrodružné komiksy  |7 fd1057471  |2 czenas 
655 9 |a fantasy comics  |2 eczenas 
655 9 |a action and adventure comics  |2 eczenas 
700 1 |a Blosser, Fred,  |d 1940-  |7 xx0327394  |4 aut 
700 1 |a Buscema, John,  |d 1927-2002  |7 xx0035679  |4 ill 
700 1 |a Ploog, Michael,  |d 1940-  |7 xx0213093  |4 ill 
700 1 |a Conrad, Tim,  |d 1951-  |7 xx0327395  |4 ill 
700 1 |a Niklíčková, Alexandra,  |d 1978-  |7 mzk2013751044  |4 trl 
765 0 |t Conan the barbarian  |9 Česky 
787 0 8 |i Z cyklu:  |t Barbar Conan (Archivní kolekce)  |g 4 
910 2 |a BOA001  |b 2-1501.466,4 
920 |a 5044945  |z ABG001 
928 9 |a Martin Trojan pod značkou Comics Centrum 
990 |a BK 
995 |a 01 
991 |b 202501  |c NOV 
996 6 |b 2610991344  |c 2-1501.466,4  |l MZK  |r Sklad / do 1 hodiny  |n 0  |p p.v.  |w 001989816  |u 000010  |a 1  |e BOA001  |j MZK50  |s P